Géographie de l'Europe par lettre - H - Statistiques

Statistiques générales
  • Ce quiz a été pris 335 fois
  • Le résultat moyen est 9 sur 20
Statistiques - réponses
Indice Réponse % Correct
Pays d'Europe centrale, de Budapest et du Balaton Hongrie
99%
Capitale de la Finlande Helsinki
96%
Ville portuaire du nord de l'Allemagne Hambourg
95%
Région des Pays-Bas, son nom sert souvent à parler du pays entier Hollande
89%
Ville où siège le parlement néerlandais La {Haye}
82%
Région historique des balkans, qui forme un pays avec la Bosnie Herzégovine
78%
Grand aéroport de Londres Heathrow
63%
Fleuve du sud de la France Hérault
53%
Famille de langues à laquelle appartient le grec moderne Langues {helléniques}
53%
Région montagneuse du nord de l'Écosse Highlands
52%
Capitale crétoise Héraklion
39%
Grand parc urbain londonien Hyde Park
28%
Land de l'ouest de l'Allemagne, celui de Francfort Hesse
26%
Croatie en croate Hrvatska
24%
Région historique de l'Allemagne, juste au sud du Schleswig Holstein
19%
Archipel écossais Hébrides
15%
Plus grande forêt d'Alsace Forêt de {Haguenau}
10%
Archipel allemand de la mer du Nord Heligoland
4%
Pittoresque village autrichien victime de surtourisme Hallstatt
3%
Massif montagneux saxon du centre de l’Allemagne Harz
2%
Aucun quiz correspondant
Distribution des résultats
% des personnes avec chaque résultat
Percentile par nombre de réponses
Votre historique - résultats
Vous n’avez pas pris ce quiz